Abraham father of three faiths (Record no. 5513)

MARC details
000 -LEADER
fixed length control field 00567nam a22001817a 4500
005 - DATE AND TIME OF LATEST TRANSACTION
control field 20250513163437.0
008 - FIXED-LENGTH DATA ELEMENTS--GENERAL INFORMATION
fixed length control field 250513b |||||||| |||| 00| 0 eng d
040 ## - CATALOGING SOURCE
Transcribing agency DepED Dasmarinas City
245 ## - TITLE STATEMENT
Title Abraham father of three faiths
250 ## - EDITION
Edition statement December 2001 Vol. 200 No. 6
490 ## - SERIES STATEMENT
SERIES STATEMENT National Geographic
520 ## - SUMMARY, ETC.
Summary, etc. Antarctica, Islands of Ice, Silicon Valley, The Future is Calling, Supercroc, Journey of Faith, Eyewitness Afghanistan
650 ## - SUBJECT ADDED ENTRY--TOPICAL TERM
General subdivision ANTARTICA
650 ## - SUBJECT ADDED ENTRY--TOPICAL TERM
General subdivision ANTARTICA'S ICE ISLANDS
650 ## - SUBJECT ADDED ENTRY--TOPICAL TERM
General subdivision SUPERCROC
650 ## - SUBJECT ADDED ENTRY--TOPICAL TERM
General subdivision JOURNEY OF FAITH
942 ## - ADDED ENTRY ELEMENTS (KOHA)
Source of classification or shelving scheme Dewey Decimal Classification
Koha item type Continuing Resources
999 ## -
-- 5513
-- 5513
Holdings
Homebranch current branch Barcode
DepED Dasmarinas City DepED Dasmarinas City DSMSR122001-065